Charlie and Lola #4 [DVD/videorecording].
Available copies
- 1 of 1 copy available at LARL/NWRL Consortium.
Current holds
0 current holds with 1 total copy.
Show Only Available Copies
| Location | Call Number / Copy Notes | Barcode | Shelving Location | Status | Due Date |
|---|---|---|---|---|---|
| Warroad Public Library | DVD j CHA (Text) | 35500004293195 | Main | Available | - |
Record details
- ISBN: 1419847406
- ISBN: 9781419847400
- Physical Description: 1 videodisc (84 min.) : sd., col. ; 4 3/4 in.
- Publisher: [United States] : British Broadcasting Corporation, 2007.
Content descriptions
| General Note: | Release date: May. 29, 2007. |
| Summary, etc.: | Charlie and Lola share a bedroom, which their ... Read More |
| System Details Note: | DVD. |
Search for related items by subject
| Genre: | Feature films. Children's films. |
Search for related items by series
| LDR | 01343ngm a2200337Ka 4500 | ||
|---|---|---|---|
| 001 | 77817 | ||
| 003 | LARL_NWRL_CONSORTIUM | ||
| 005 | 20070306165935.0 | ||
| 007 | vd cvaizq | ||
| 008 | 070208s2007 xxu084 vleng d | ||
| 020 | . | ‡a1419847406 | |
| 020 | . | ‡a9781419847400 | |
| 024 | 1 | . | ‡a794051284129 |
| 028 | 4 | 2. | ‡aE2841 ‡bBritish Broadcasting Corporation |
| 035 | . | ‡a(OCoLC)82372284 | |
| 245 | 0 | 0. | ‡aCharlie and Lola ‡n#4 ‡h[DVD/videorecording]. |
| 246 | 3 | 0. | ‡aIt is absolutely not messy |
| 260 | . | ‡a[United States] : ‡bBritish Broadcasting Corporation, ‡c2007. | |
| 300 | . | ‡a1 videodisc (84 min.) : ‡bsd., col. ; ‡c4 3/4 in. | |
| 490 | 0 | . | ‡aCharlie and Lola ; ‡v4 |
| 538 | . | ‡aDVD. | |
| 500 | . | ‡aRelease date: May. 29, 2007. | |
| 520 | . | ‡aCharlie and Lola share a bedroom, which their mother has asked them to clean up. Charlie agrees. Lola, however, disagrees. In this and six more delightful stories, Charlie and Lola learn to navigate the tricky world of being brother and sister. | |
| 655 | 0. | ‡aFeature films. ‡0(LARL_NWRL_CONSORTIUM)175625 | |
| 655 | 0. | ‡aChildren's films. ‡0(LARL_NWRL_CONSORTIUM)175624 | |
| 901 | . | ‡a77817 ‡bOCLC ‡c77817 ‡tbiblio | |

Add to basket
Permalink
Disable Highlighting